000 00872nam a22002057a 4500
999 _c58283
_d58283
005 20211021130816.0
008 211021s2007 ru ||||| |||| 00| 0 rus d
020 _a9788776870737
041 _arus
080 _a159.964 Х-12
100 _aХаббард, Рональд Лафайет
_912701
245 _aСоздание человеческих способностей :
_b Настольная книга для саентологов /
_cЛ. Рон Хаббард.
264 _aМ. :
_b"Нью Эра",
_c2006.
300 _a529 с. :
_b рис. ;
_c24см.
653 _aСоздание человеческих способностей
653 _aდიანეტიკა.
653 _aსაენტოლოგია.
653 _aადამიანის განსაკუთრებული უნარი.
942 _2udc
_cBK